Física II: texto basado en cálculo
Uloženo v:
| Hlavní autoři: | , |
|---|---|
| Médium: | Kniha |
| Jazyk: | španělština |
| Vydáno: |
Ciudad de México
International Thomson
2004
|
| Vydání: | 3a. ed |
| Témata: | |
| Tagy: |
Přidat tag
Žádné tagy, Buďte první, kdo vytvoří štítek k tomuto záznamu!
|
MARC
| LEADER | 00000nam a2200000 a 4500 | ||
|---|---|---|---|
| 001 | UCK7616 | ||
| 003 | CL-VaPUC | ||
| 008 | 051202e20040000MX |||||||||||||||||spa|d | ||
| 020 | |a 9706863400 | ||
| 082 | 0 | 4 | |a 530 |b SER |2 21 |
| 100 | 0 | |a Serway, Raymond A |e author |9 254 | |
| 700 | 0 | |a Jewett, John W |e author |9 497115 | |
| 245 | 1 | 0 | |a Física II: texto basado en cálculo |
| 250 | |a 3a. ed | ||
| 300 | |a 544 p | ||
| 942 | |c BK | ||
| 945 | |d 20051202 00:00:00 |a cmena | ||
| 260 | |a Ciudad de México |b International Thomson |c 2004 | ||
| 650 | 0 | |a Física |9 227844 | |
| 650 | 7 | |a CAMPOS ELECTROMAGNETICOS |2 CL-VaPUC |9 264139 | |
| 650 | 7 | |a POTENCIA ELECTRICA |2 CL-VaPUC |9 345463 | |
| 650 | 0 | |a Circuitos eléctricos |9 260262 | |
| 650 | 0 | |a Ondas electromagnéticas |9 354947 | |
| 650 | 0 | |a Física cuántica |9 354949 | |
| 650 | 7 | |a FISICA ATOMICA |2 CL-VaPUC |9 346166 | |
| 650 | 7 | |a FISICA NUCLEAR |2 CL-VaPUC |9 270366 | |
| 583 | |a last modification |c 20051202 00:00:00 |k Rodrigo Vera | ||
| 999 | |c 315468 |d 315466 | ||
| 952 | |0 0 |1 0 |2 ddc |4 0 |6 530_000000000000000_SER_2004 |7 0 |8 A |9 388751 |a BIBING |b BIBING |c RES |d 2019-11-22 |i 4189167 |l 1 |o 530 SER 2004 |p 4189167 |r 2025-01-20 |s 2023-08-31 |w 2019-11-22 |y BK |k EIE | ||
| 952 | |0 0 |1 0 |2 ddc |4 0 |6 530_000000000000000_SER_2004 |7 0 |8 A |9 388752 |a BIBING |b BIBING |c RES |d 2019-11-22 |i 4545168 |l 1 |o 530 SER 2004 |p 4545168 |r 2025-01-20 |s 2023-11-23 |w 2019-11-22 |y BK |k EIE | ||